Display electronics

Gespeichert in:
Bibliographische Detailangaben
1. Verfasser: Tracton, Ken
Format: Buch
Sprache:Undetermined
Veröffentlicht: Blue Ridge Submit Tab Books Inc. 1977
Schlagworte:
Tags: Tag hinzufügen
Keine Tags, Fügen Sie den ersten Tag hinzu!
Thư viện lưu trữ: Trung tâm Học liệu Trường Đại học Cần Thơ
LEADER 00483nam a2200181Ia 4500
001 CTU_82592
008 210402s9999 xx 000 0 und d
082 |a 621.3815 
082 |b T759 
100 |a Tracton, Ken 
245 0 |a Display electronics 
245 0 |c Ken Tracton 
260 |a Blue Ridge Submit 
260 |b Tab Books Inc. 
260 |c 1977 
650 |a Information display system 
904 |i QHieu(sửa) 
980 |a Trung tâm Học liệu Trường Đại học Cần Thơ